[Event "Staatsliga B/Ost"]
[Site "Lackenbach"]
[Date "1998.10.17"]
[Round "1.2"]
[White "Kuthan, Andreas"]
[Black "Posch, Werner"]
[Result "1-0"]
[WhiteElo "2190"]
[BlackElo "2295"]
[PlyCount "63"]
[EventDate "1998.10.17"]

1. e4 Nf6 2. Nc3 e5 3. Nf3 Nc6 4. g3 d5 5. exd5 Nxd5 6. Bg2 Nxc3 7. bxc3 Bd6 8.
O-O O-O 9. Rb1 Rb8 10. d4 Bg4 11. h3 Bh5 12. g4 Bg6 13. dxe5 Nxe5 14. Nxe5 Bxe5
15. Qxd8 Rfxd8 16. f4 Bxc2 17. Rb2 Bd3 18. fxe5 Bxf1 19. Bxf1 Rd1 20. Bf4 b6
21. Kg2 Rbd8 22. Bc4 Re1 23. Rf2 Rd7 24. Kf3 h6 25. Be3 Kh7 26. Ke4 Kg6 27. h4
f6 28. e6 Rd8 29. Bb5 c6 30. Bxc6 Rc8 31. h5+ Kh7 32. e7 1-0

[Event "Staatsliga B/Ost"]
[Site "Lackenbach"]
[Date "1998.10.17"]
[Round "1.4"]
[White "Fuchs, Stefan"]
[Black "Wiedner, Robert"]
[Result "0-1"]
[WhiteElo "2140"]
[BlackElo "2190"]
[PlyCount "98"]
[EventDate "1998.10.17"]

1. f4 d5 2. Nf3 g6 3. g3 Bg7 4. Bg2 Nd7 5. O-O h5 6. Nc3 Ndf6 7. e3 Nh6 8. d3
Bg4 9. Qe1 Bxf3 10. Bxf3 h4 11. g4 d4 12. g5 dxc3 13. gxh6 Rxh6 14. Bxb7 cxb2
15. Bxb2 Rb8 16. Bc6+ Kf8 17. Bd4 Nd5 18. Bxg7+ Kxg7 19. e4 Nf6 20. Qc3 Rb6 21.
Rab1 Qc8 22. Rxb6 Qg4+ 23. Kh1 axb6 24. d4 Nh5 25. Qf3 Qe6 26. Bd5 Qd7 27. c3
e6 28. Bb3 c5 29. Rd1 cxd4 30. Rxd4 Qc6 31. Kg2 Qc7 32. e5 Rh8 33. c4 Rd8 34.
Rxd8 Qxd8 35. Qe3 Kh7 36. Kf2 Qc7 37. Qd4 Qc6 38. Bd1 Ng7 39. Bf3 Qa4 40. Qxb6
Qxc4 41. Qe3 Qxa2+ 42. Kg1 Nf5 43. Qf2 Qc4 44. Be2 Qc1+ 45. Kg2 Kg7 46. Bg4
Ne3+ 47. Kh3 Nd5 48. Kxh4 Qxf4 49. Qe2 Ne3 0-1

[Event "Staatsliga B/Ost"]
[Site "Lackenbach"]
[Date "1998.10.18"]
[Round "2.1"]
[White "Lanc, Alois"]
[Black "Knoflicek, Ctibor"]
[Result "1-0"]
[WhiteElo "2405"]
[BlackElo "2165"]
[PlyCount "89"]
[EventDate "1998.10.17"]

1. e4 c6 2. d4 d5 3. Nc3 dxe4 4. Nxe4 Bf5 5. Ng3 Bg6 6. Nf3 Nd7 7. h4 h6 8. h5
Bh7 9. Bd3 Bxd3 10. Qxd3 e6 11. Bd2 Qc7 12. O-O-O O-O-O 13. Qe2 Ngf6 14. Ne4
Nxe4 15. Qxe4 Bd6 16. g3 Kb8 17. Kb1 c5 18. dxc5 Nxc5 19. Qe2 Ka8 20. Rh4 Rhe8
21. Rc4 Qb8 22. Bb4 Na6 23. Bc3 f6 24. Nd4 Nc7 25. a3 e5 26. Nf5 Bf8 27. Ba5 b6
28. Bc3 Ne6 29. a4 Qb7 30. b3 Rd5 31. Rxd5 Qxd5 32. Ne3 Qb7 33. Bb2 Bc5 34. Nf5
Qg2 35. b4 Bf8 36. a5 bxa5 37. b5 Bc5 38. Nxg7 Nxg7 39. Rxc5 Ne6 40. Rc6 Qd5
41. c4 Qd7 42. Qf3 Kb8 43. Qd5 Qh7+ 44. Ka2 Qf7 45. Ba3 1-0

[Event "Staatsliga B/Ost"]
[Site "Lackenbach"]
[Date "1998.10.18"]
[Round "2.2"]
[White "Kuthan, Andreas"]
[Black "Sommerbauer, Norbert"]
[Result "1/2-1/2"]
[WhiteElo "2190"]
[BlackElo "2400"]
[PlyCount "48"]
[EventDate "1998.10.17"]

1. e4 c5 2. c3 d5 3. exd5 Qxd5 4. d4 Nf6 5. Nf3 Bg4 6. Be2 e6 7. O-O Nc6 8. h3
Bh5 9. Be3 cxd4 10. Nxd4 Bxe2 11. Qxe2 Be7 12. Rd1 O-O 13. c4 Nxd4 14. Bxd4 Qe4
15. Nc3 Qxe2 16. Nxe2 Rfc8 17. b3 Ne4 18. Rd3 a5 19. Nc3 Nxc3 20. Bxc3 Bb4 21.
Rad1 h6 22. Bxb4 axb4 23. Rd7 b5 24. cxb5 Rcb8 1/2-1/2

[Event "Staatsliga B/Ost"]
[Site "Lackenbach"]
[Date "1998.10.18"]
[Round "2.3"]
[White "Steiner, Heinz"]
[Black "Petzer, Reinhard"]
[Result "1-0"]
[WhiteElo "2160"]
[BlackElo "2135"]
[PlyCount "97"]
[EventDate "1998.10.17"]

1. d4 Nf6 2. Nf3 g6 3. c4 Bg7 4. g3 O-O 5. Bg2 d6 6. O-O Nbd7 7. Nc3 e5 8. e4
c6 9. h3 exd4 10. Nxd4 Re8 11. Be3 Nc5 12. Qc2 a5 13. Rad1 Nfd7 14. b3 Nb6 15.
Rfe1 Qc7 16. f4 a4 17. Bf2 Na6 18. Qd2 axb3 19. axb3 Nd7 20. Ndb5 Qa5 21. Ra1
Qb4 22. Ra4 Qxb3 23. Rb1 cxb5 24. Rxb3 bxa4 25. Nxa4 Nac5 26. Nxc5 Nxc5 27.
Bxc5 dxc5 28. e5 Be6 29. Bd5 Bxh3 30. Rxb7 Be6 31. Kg2 Ra6 32. Bxe6 Raxe6 33.
Qd7 Rf8 34. Rc7 g5 35. Rxc5 gxf4 36. gxf4 Bh6 37. f5 Ra6 38. Rc8 Ra5 39. Rxf8+
Bxf8 40. Qd4 Rc5 41. Kf3 Ra5 42. Ke4 Ra2 43. Kd5 Ra5+ 44. Kc6 Ra8 45. Kd7 Rb8
46. Qd5 Rb6 47. e6 fxe6 48. fxe6 Kg7 49. Qd4+ 1-0

[Event "Staatsliga B/Ost"]
[Site "Lackenbach"]
[Date "1998.10.18"]
[Round "2.4"]
[White "Fuchs, Stefan"]
[Black "Steinwender, Peter"]
[Result "0-1"]
[WhiteElo "2140"]
[BlackElo "2125"]
[PlyCount "50"]
[EventDate "1998.10.17"]

1. e4 c5 2. d4 cxd4 3. c3 dxc3 4. Nxc3 Nc6 5. Nf3 d6 6. Bc4 e6 7. O-O Nf6 8.
Qe2 Be7 9. Rd1 Bd7 10. Bg5 a6 11. a4 Rc8 12. Rac1 Qa5 13. Bf4 Ne5 14. Bxe5 dxe5
15. Nd2 Bc6 16. Ba2 O-O 17. Nc4 Qc7 18. g4 Rfd8 19. g5 Rxd1+ 20. Rxd1 Ne8 21.
h4 Rd8 22. Rxd8 Bxd8 23. Qd3 Be7 24. Qg3 b5 25. Qxe5 bxc4 0-1

[Event "Staatsliga B/Ost"]
[Site "Lackenbach"]
[Date "1998.10.18"]
[Round "2.1"]
[White "Polak, Thomas"]
[Black "Neulinger, Manfred"]
[Result "1-0"]
[WhiteElo "2525"]
[BlackElo "2270"]
[PlyCount "79"]
[EventDate "1998.10.17"]

1. d4 f5 2. g3 Nf6 3. Bg2 g6 4. Nf3 Bg7 5. O-O O-O 6. c4 d6 7. Nc3 Nc6 8. d5
Na5 9. Nd2 c5 10. Qc2 e5 11. a3 b6 12. b4 Nb7 13. Bb2 Qe7 14. Rae1 Bd7 15. e4
f4 16. gxf4 Nh5 17. fxe5 Bxe5 18. Ne2 Rf7 19. Bxe5 dxe5 20. Qc3 Raf8 21. f4
cxb4 22. axb4 Bg4 23. fxe5 Bxe2 24. Rxe2 Rxf1+ 25. Nxf1 Nf4 26. Rf2 a5 27. bxa5
Qc5 28. Qe3 bxa5 29. e6 Nxg2 30. Kxg2 Rxf2+ 31. Qxf2 Qxf2+ 32. Kxf2 a4 33. Ne3
Nc5 34. Nc2 Kf8 35. Ke3 Ke7 36. Kd4 Nb3+ 37. Ke5 Nd2 38. d6+ Ke8 39. c5 Nc4+
40. Kd5 1-0

[Event "Staatsliga B/Ost"]
[Site "Lackenbach"]
[Date "1998.10.18"]
[Round "2.2"]
[White "Posch, Werner"]
[Black "Groetz, Harald"]
[Result "0-1"]
[WhiteElo "2295"]
[BlackElo "2225"]
[PlyCount "86"]
[EventDate "1998.10.17"]

1. e4 c5 2. Nc3 Nc6 3. g3 e6 4. Bg2 Nge7 5. d3 d6 6. f4 g6 7. Nf3 Bg7 8. O-O
O-O 9. Be3 Nd4 10. Bf2 Nec6 11. Nxd4 Nxd4 12. e5 dxe5 13. fxe5 Qc7 14. Ne4 Bxe5
15. c3 Nc6 16. Bxc5 Rd8 17. d4 f5 18. Ng5 Bf6 19. Nf3 e5 20. Qb3+ Kg7 21. dxe5
Nxe5 22. Ba3 Nc4 23. Rfe1 Nxa3 24. Qxa3 Qb6+ 25. Nd4 Be6 26. Kh1 Bf7 27. Nb3
Rd3 28. Qc5 Qxc5 29. Nxc5 Rd2 30. Nxb7 Rxg2 31. Kxg2 Bd5+ 32. Kh3 Bxb7 33. Rad1
Bf3 34. Rd7+ Kh6 35. Re6 Bg4+ 36. Kg2 f4 37. Rxh7+ Kxh7 38. Rxf6 f3+ 39. Kf2
Rd8 40. Rf4 Rd2+ 41. Kf1 Bh3+ 42. Ke1 Re2+ 43. Kd1 Bg2 0-1

[Event "Staatsliga B/Ost"]
[Site "Lackenbach"]
[Date "1998.10.18"]
[Round "2.4"]
[White "Wiedner, Robert"]
[Black "Wiedermann, Franz"]
[Result "0-1"]
[WhiteElo "2190"]
[BlackElo "2175"]
[PlyCount "40"]
[EventDate "1998.10.17"]

1. c4 g6 2. g3 Bg7 3. Bg2 c5 4. e3 Nc6 5. Ne2 e5 6. b3 Nge7 7. Bb2 d5 8. O-O d4
9. e4 O-O 10. d3 Be6 11. Nd2 Qd7 12. Kh1 a5 13. a4 Bh3 14. Bxh3 Qxh3 15. Nf3 h6
16. Ba3 b6 17. Bc1 Qh5 18. Kg2 f5 19. h3 fxe4 20. g4 exf3+ 0-1

[Event "Staatsliga B/Ost"]
[Site "Lackenbach"]
[Date "1998.10.18"]
[Round "2.5"]
[White "Schirmbeck, Hannes"]
[Black "Hechl, Gerald"]
[Result "0-1"]
[WhiteElo "2165"]
[BlackElo "2190"]
[PlyCount "82"]
[EventDate "1998.10.17"]

1. e4 c5 2. Nf3 e6 3. d3 d5 4. Nbd2 Nc6 5. g3 g6 6. Bg2 Bg7 7. O-O Nge7 8. Qe2
O-O 9. c3 b6 10. Rd1 Ba6 11. Nf1 dxe4 12. Qxe4 Bb7 13. Bg5 Qc8 14. Qa4 h6 15.
Bf4 Rd8 16. Rac1 Qd7 17. Rd2 e5 18. Be3 f5 19. h4 Nd5 20. Re2 Nd4 21. Qd1 Nxe2+
22. Qxe2 Nxe3 23. Nxe3 Qxd3 24. Qxd3 Rxd3 25. Nxe5 Bxe5 26. Bxb7 Rad8 27. Ba6
Rd2 28. b4 f4 29. Nf1 Rd1 30. Rc2 fxg3 31. fxg3 Kg7 32. Kg2 cxb4 33. cxb4 R1d4
34. a3 R8d7 35. Kh3 Rc7 36. Re2 Bd6 37. Re6 Rc3 38. Bb5 Kf7 39. Re2 Rxa3 40.
Ne3 Re4 41. Rf2+ Kg7 0-1

[Event "Staatsliga B/Ost"]
[Site "Lackenbach"]
[Date "1998.10.18"]
[Round "2.6"]
[White "Weiss, Karl"]
[Black "Pernerstorfer, Johannes"]
[Result "1-0"]
[WhiteElo "2185"]
[BlackElo "2115"]
[PlyCount "81"]
[EventDate "1998.10.17"]

1. d4 Nf6 2. Bg5 e6 3. Nf3 b6 4. e3 Be7 5. Nbd2 Bb7 6. Bd3 c5 7. c3 h6 8. Bh4
d6 9. Qc2 Nbd7 10. e4 cxd4 11. cxd4 O-O 12. O-O Nh5 13. Bxe7 Qxe7 14. Qc7 Bc8
15. Bb5 f5 16. exf5 Rxf5 17. Bc6 Rb8 18. Bxd7 Qxd7 19. Qxb8 Rf8 20. Rfc1 e5 21.
dxe5 Nf4 22. Rxc8 Rxc8 23. Qxd6 Qg4 24. g3 Re8 25. Re1 Re6 26. Qd8+ Kh7 27. Qh4
Nh3+ 28. Kg2 Nf4+ 29. Kh1 Qxh4 30. Nxh4 Nd3 31. Re2 Nxb2 32. f4 g5 33. Nhf3
gxf4 34. gxf4 Nd1 35. f5 Re8 36. e6 Kg7 37. Ne4 Kf8 38. Ne5 Rc8 39. f6 Rc1 40.
e7+ Ke8 41. Nd6# 1-0

[Event "Staatsliga B/Ost"]
[Site "Lackenbach"]
[Date "1998.10.18"]
[Round "2.1"]
[White "Vavrak, Peter"]
[Black "Vlcek, Stanislav"]
[Result "0-1"]
[WhiteElo "2200"]
[BlackElo "2185"]
[PlyCount "80"]
[EventDate "1998.10.17"]

1. d4 Nf6 2. Nf3 g6 3. c4 Bg7 4. g3 O-O 5. Bg2 d6 6. O-O Nbd7 7. Nc3 e5 8. e4
c6 9. h3 Qb6 10. c5 dxc5 11. dxe5 Ne8 12. e6 fxe6 13. Ng5 Ne5 14. f4 Nf7 15.
Nxf7 Bd4+ 16. Kh2 Rxf7 17. e5 Nc7 18. Ne4 Nd5 19. a4 a5 20. h4 Qd8 21. Ng5 Rg7
22. Be4 Qe8 23. Kg2 Bxb2 24. Bxd5 Bxa1 25. Ba2 Bd4 26. h5 b5 27. Rh1 gxh5 28.
Rxh5 Raa7 29. Bb1 Rae7 30. Ne4 Qd8 31. Nf6+ Kh8 32. Qh1 Qc7 33. Bd2 b4 34. Be4
c4 35. Rh6 c5 36. Kf1 c3 37. Bxh7 Rxh7 38. Qh5 Ba6+ 39. Ke1 Bd3 40. Qg4 Qd8 0-1

[Event "Staatsliga B/Ost"]
[Site "Lackenbach"]
[Date "1998.10.18"]
[Round "2.2"]
[White "Bachofner, Andreas"]
[Black "Hardt, Christian"]
[Result "0-1"]
[WhiteElo "2165"]
[BlackElo "2135"]
[PlyCount "64"]
[EventDate "1998.10.17"]

1. e4 c5 2. Nf3 Nc6 3. Nc3 Nf6 4. d4 cxd4 5. Nxd4 e5 6. Ndb5 d6 7. Bg5 a6 8.
Na3 Be6 9. Nc4 Rc8 10. Bxf6 gxf6 11. Nd5 Bxd5 12. Qxd5 Nd4 13. Bd3 Qe7 14. b4
Qe6 15. Ne3 Bh6 16. Nf5 Nxf5 17. Qxe6+ fxe6 18. exf5 Ke7 19. fxe6 Kxe6 20. g4
Rc3 21. Bf5+ Kd5 22. Rd1+ Kc6 23. Be4+ Kc7 24. f3 Bf4 25. Ke2 h5 26. Rdg1 d5
27. Bxd5 Rxc2+ 28. Kd3 Rd2+ 29. Ke4 Rd4+ 30. Kf5 Rxd5 31. h4 hxg4 32. fxg4 Rd6
0-1

[Event "Staatsliga B/Ost"]
[Site "Lackenbach"]
[Date "1998.10.18"]
[Round "2.3"]
[White "Wais, Michael"]
[Black "Bachofner, Christian"]
[Result "0-1"]
[WhiteElo "2085"]
[BlackElo "2050"]
[PlyCount "116"]
[EventDate "1998.10.17"]

1. d4 d5 2. c4 c6 3. cxd5 cxd5 4. Nc3 Nf6 5. Bf4 Nc6 6. e3 Bf5 7. Nf3 e6 8. Ne5
Nxe5 9. Bxe5 Nd7 10. Bg3 a6 11. Bd3 Bxd3 12. Qxd3 Be7 13. O-O O-O 14. Rfc1 Rc8
15. Qd1 b5 16. Ne2 Qb6 17. Rxc8 Rxc8 18. Rc1 Qb7 19. Rc2 Nb6 20. Qc1 Rxc2 21.
Qxc2 Qc8 22. Qxc8+ Nxc8 23. Bc7 Kf8 24. Nc1 Ke8 25. Nd3 Kd7 26. Ba5 f6 27. Bb4
Bxb4 28. Nxb4 a5 29. Nd3 Nd6 30. Nc5+ Ke7 31. Kf1 e5 32. Ke2 e4 33. Na6 Kd7 34.
Nb8+ Kc7 35. Na6+ Kd7 36. Nc5+ Ke7 37. Kd2 f5 38. f4 Nc4+ 39. Ke2 Nxb2 40. Na6
Kd6 41. Nc5 Nc4 42. Nb7+ Ke7 43. Nc5 Nb6 44. Nb7 a4 45. Nc5 b4 46. h3 g6 47. g4
fxg4 48. hxg4 h5 49. Kf2 hxg4 50. Kg3 a3 51. Kxg4 Nc4 52. Kg5 Nxe3 53. Kxg6 Nc4
54. f5 Nd6 55. f6+ Ke8 56. Kg7 e3 57. Kg8 e2 58. Nb7 Nf7 0-1

[Event "Staatsliga B/Ost"]
[Site "Lackenbach"]
[Date "1998.10.18"]
[Round "2.4"]
[White "Steinert, Martin"]
[Black "Angerer, Michael"]
[Result "1-0"]
[WhiteElo "2145"]
[BlackElo "2085"]
[PlyCount "72"]
[EventDate "1998.10.17"]

1. d4 Nf6 2. Nf3 g6 3. c4 Bg7 4. Nc3 d6 5. e4 O-O 6. Be2 c5 7. d5 Nbd7 8. O-O
b5 9. cxb5 a6 10. Re1 axb5 11. Bxb5 Qb6 12. a4 Ng4 13. h3 Nge5 14. Nd2 g5 15.
Nf1 h6 16. h4 g4 17. Ng3 Nf6 18. h5 Nh7 19. Be3 f5 20. exf5 Bxf5 21. Qd2 Rf6
22. Nce4 Bxe4 23. Nxe4 Rf5 24. Bxh6 Rxh5 25. Bxg7 Kxg7 26. Ng3 Rg5 27. Bd3 Rg8
28. a5 Qa7 29. Qc3 Nf6 30. Nf5+ Kf8 31. Rxe5 dxe5 32. Qxe5 g3 33. d6 gxf2+ 34.
Kf1 e6 35. Qxf6+ Qf7 36. Qxf7+ Kxf7 1-0

[Event "Staatsliga B/Ost"]
[Site "Lackenbach"]
[Date "1998.10.18"]
[Round "2.6"]
[White "Hofbauer, Peter"]
[Black "Stummer, Walter"]
[Result "1-0"]
[WhiteElo "2100"]
[BlackElo "2020"]
[PlyCount "47"]
[EventDate "1998.10.17"]

1. e4 c5 2. c3 d5 3. exd5 Qxd5 4. d4 Nc6 5. Nf3 cxd4 6. cxd4 e5 7. Nc3 Bb4 8.
Bd2 Bxc3 9. Bxc3 e4 10. Ne5 Nxe5 11. dxe5 Ne7 12. Qe2 O-O 13. Rd1 Qc6 14. Bb4
Qc7 15. Bd6 Qd8 16. Qxe4 Bf5 17. Qxb7 Qa5+ 18. b4 Qa3 19. Qf3 Qxa2 20. Bxe7
Rfe8 21. Bb5 Bg4 22. Qxg4 Rxe7 23. Qe4 Qb2 24. Qxa8+ 1-0

[Event "Staatsliga B/Ost"]
[Site "Lackenbach"]
[Date "1998.10.18"]
[Round "2.1"]
[White "Tibensky, Robert"]
[Black "Pingitzer, Harald"]
[Result "1-0"]
[WhiteElo "2410"]
[BlackElo "2300"]
[PlyCount "77"]
[EventDate "1998.10.17"]

1. d4 d5 2. Nf3 c6 3. c4 e6 4. Nbd2 Nf6 5. e3 Nbd7 6. Bd3 Bd6 7. O-O O-O 8. e4
dxe4 9. Nxe4 Nxe4 10. Bxe4 Nf6 11. Bc2 c5 12. Qd3 cxd4 13. Bg5 g6 14. Qxd4 Be7
15. Qh4 Re8 16. Rad1 Nd7 17. Rfe1 f6 18. Bxg6 hxg6 19. Qh6 fxg5 20. Qxg6+ Kf8
21. Rxd7 Qxd7 22. Qh6+ Kg8 23. Qg6+ Kf8 24. Ne5 Bd8 25. Nxd7+ Bxd7 26. Re3 Bc6
27. Rh3 Rc8 28. Rh7 Rc7 29. Qh6+ Kg8 30. Rh8+ Kf7 31. Qh7+ Kf6 32. Qh6+ Kf7 33.
Rh7+ Kg8 34. Qg6+ Kf8 35. Rh8+ Ke7 36. Qg7+ Kd6 37. Qd4+ Ke7 38. Rh7+ Kf8 39.
Qh8# 1-0

[Event "Staatsliga B/Ost"]
[Site "Lackenbach"]
[Date "1998.10.18"]
[Round "2.2"]
[White "Kummer, Helmut"]
[Black "Neubauer, Martin"]
[Result "1/2-1/2"]
[WhiteElo "2315"]
[BlackElo "2305"]
[PlyCount "67"]
[EventDate "1998.10.17"]

1. d4 Nf6 2. c4 g6 3. Nc3 d5 4. Nf3 Bg7 5. Bg5 Ne4 6. cxd5 Nxg5 7. Nxg5 e6 8.
Qd2 exd5 9. Qe3+ Kf8 10. Qf4 Bf6 11. h4 h6 12. Nf3 Be6 13. e3 c6 14. Bd3 Nd7
15. Kd2 Qb8 16. Qxb8+ Rxb8 17. b4 Kg7 18. Na4 Rhc8 19. Rab1 b5 20. Nc5 Nxc5 21.
bxc5 a5 22. a4 b4 23. Kc2 Re8 24. Nd2 Rb7 25. Nb3 Bd8 26. Kd2 Rc7 27. Rbe1 h5
28. Bc2 Bc8 29. Bd3 Be7 30. Bc2 Ba6 31. Bd3 Bxd3 32. Kxd3 f5 33. g3 Kf6 34. f4
1/2-1/2

[Event "Staatsliga B/Ost"]
[Site "Lackenbach"]
[Date "1998.10.18"]
[Round "2.3"]
[White "Fusi, Christoph"]
[Black "Sandhu, Mario"]
[Result "1-0"]
[WhiteElo "2250"]
[BlackElo "2190"]
[PlyCount "69"]
[EventDate "1998.10.17"]

1. e4 c6 2. d4 g6 3. Bd3 Bg7 4. c3 d5 5. exd5 Qxd5 6. Nf3 Bf5 7. O-O Bxd3 8.
Qxd3 Nf6 9. Re1 Nbd7 10. Na3 Nc5 11. Qe2 Ne6 12. Ng5 Nd7 13. Nxe6 fxe6 14. Qxe6
Qxe6 15. Rxe6 Kf7 16. Re2 e5 17. Nc4 exd4 18. Bg5 Bf6 19. Bxf6 Kxf6 20. Rae1
dxc3 21. Re6+ Kg5 22. bxc3 Kh6 23. Nd6 Rhf8 24. Re7 Nc5 25. Nxb7 Nxb7 26. Rxb7
Rfd8 27. h4 Rd2 28. Ree7 Kh5 29. Rxh7+ Kg4 30. Rxa7 Rxa7 31. Rxa7 Rc2 32. Ra4+
Kh5 33. Rc4 Rxa2 34. Rxc6 Rc2 35. g3 1-0

[Event "Staatsliga B/Ost"]
[Site "Lackenbach"]
[Date "1998.10.18"]
[Round "2.4"]
[White "Holzer, Gerhard"]
[Black "Zetthofer, Gerald"]
[Result "1-0"]
[WhiteElo "2255"]
[BlackElo "2210"]
[PlyCount "59"]
[EventDate "1998.10.17"]

1. Nc3 d5 2. e4 dxe4 3. Nxe4 Nd7 4. Bc4 e6 5. Nf3 Ngf6 6. Nxf6+ Nxf6 7. O-O c5
8. b3 Be7 9. Bb2 O-O 10. Ne5 Nd5 11. f4 f6 12. Ng4 Kh8 13. Rf3 Qd6 14. Qf1 Bd7
15. Re1 Rad8 16. f5 exf5 17. Rd3 Bc6 18. Qxf5 Qd7 19. Rxd5 Bxd5 20. Qxd7 Rxd7
21. Bxd5 Rxd5 22. Rxe7 Rxd2 23. Ne3 h5 24. Bc1 Rd4 25. Rxb7 a5 26. Rc7 a4 27.
Rxc5 axb3 28. axb3 Ra8 29. Rxh5+ Kg8 30. Rf5 1-0

[Event "Staatsliga B/Ost"]
[Site "Lackenbach"]
[Date "1998.10.18"]
[Round "2.5"]
[White "Chulis, Alexander"]
[Black "Schuh, Franz"]
[Result "0-1"]
[WhiteElo "2125"]
[BlackElo "2265"]
[PlyCount "118"]
[EventDate "1998.10.17"]

1. e4 c5 2. Ne2 Nc6 3. c4 e5 4. g3 g6 5. Bg2 Bg7 6. O-O Nge7 7. Nbc3 O-O 8. d3
d6 9. a3 a6 10. Rb1 Rb8 11. b4 Bd7 12. Bd2 Nd4 13. Nxd4 cxd4 14. Nd5 Nxd5 15.
cxd5 Bb5 16. Qb3 Qd7 17. Rfc1 f5 18. f4 Bh6 19. exf5 Ba4 20. Qb2 Qxf5 21. Be4
Qh5 22. Rf1 Rbc8 23. Bf3 Qf5 24. Be4 Qg4 25. Bf3 Qd7 26. Rbc1 Rxc1 27. Rxc1 Qf5
28. Be4 Qh5 29. Rf1 exf4 30. Qxd4 fxg3 31. Rxf8+ Bxf8 32. Bf4 Qxh2+ 33. Kf1 Bd7
34. Bg2 Bh3 35. Qg1 Bxg2+ 36. Qxg2 Qxg2+ 37. Kxg2 b5 38. Kxg3 Kf7 39. Kg4 Be7
40. d4 h5+ 41. Kf3 Kf6 42. Ke4 Kf7 43. Bh2 Ke8 44. Bf4 Kd7 45. Be3 Bh4 46. Bd2
Ke8 47. Bf4 Be7 48. Bh2 Kf7 49. Bf4 Kf6 50. Be3 g5 51. Bg1 g4 52. Kf4 Bf8 53.
Bh2 Bh6+ 54. Ke4 Ke7 55. Bg3 Bc1 56. Kf5 Bxa3 57. Be1 g3 58. Bxg3 Bxb4 59. Bf4
Bc3 0-1

[Event "Staatsliga B/Ost"]
[Site "Lackenbach"]
[Date "1998.10.18"]
[Round "2.1"]
[White "Koutsin, Sergej"]
[Black "Palkoevi, Jozsef"]
[Result "1/2-1/2"]
[WhiteElo "2415"]
[BlackElo "2435"]
[PlyCount "40"]
[EventDate "1998.10.17"]

1. d4 Nf6 2. Nf3 e6 3. c4 c5 4. d5 exd5 5. cxd5 d6 6. Nc3 g6 7. e4 Bg7 8. h3
O-O 9. Bd3 b5 10. Nxb5 Re8 11. O-O Nxe4 12. Qa4 a6 13. Re1 Nd7 14. Rxe4 Rxe4
15. Qxe4 Nf6 16. Qh4 axb5 17. Bxb5 Qb6 18. a4 Bb7 19. Bh6 Bxd5 20. Bxg7 Kxg7
1/2-1/2

[Event "Staatsliga B/Ost"]
[Site "Lackenbach"]
[Date "1998.10.18"]
[Round "2.2"]
[White "Rumpl, Erwin"]
[Black "Miniboeck, Guenter"]
[Result "1-0"]
[WhiteElo "2210"]
[BlackElo "2350"]
[PlyCount "163"]
[EventDate "1998.10.17"]

1. d4 Nf6 2. Nf3 c5 3. e3 e6 4. Bd3 b6 5. O-O Bb7 6. b3 Nc6 7. a3 Be7 8. Bb2
O-O 9. Nbd2 Rc8 10. Ne5 cxd4 11. exd4 d6 12. Ng4 Nb8 13. Nxf6+ Bxf6 14. Ne4 Be7
15. Re1 Nd7 16. Qf3 Rc7 17. Qh3 g6 18. Rad1 Re8 19. Qg3 Nf8 20. Nd2 Bh4 21. Qf4
Bg5 22. Qg3 Bh4 23. Qf4 Qf6 24. Qxf6 Bxf6 25. Ne4 Be7 26. a4 Rec8 27. Ra1 a6
28. Ba3 Rd8 29. Nd2 Bf6 30. Bb2 d5 31. f4 Rdc8 32. Nf3 Nd7 33. Ne5 Nxe5 34.
fxe5 Be7 35. Ba3 Bxa3 36. Rxa3 a5 37. Raa1 Rc3 38. Kf2 Ra8 39. Re3 Kf8 40. Ke2
Ba6 41. Bxa6 Rxe3+ 42. Kxe3 Rxa6 43. c4 Ra7 44. cxd5 exd5 45. Rc1 Rb7 46. Kd3
h5 47. g3 Ke7 48. Rc6 b5 49. axb5 Rxb5 50. Kc3 a4 51. bxa4 Rb1 52. Rf6 Rc1+ 53.
Kb3 Rb1+ 54. Ka3 Rd1 55. a5 Rxd4 56. a6 Rd1 57. Rf2 Rc1 58. a7 Rc8 59. Kb4 Ra8
60. Ra2 Ke6 61. Kc5 Kxe5 62. Re2+ Kf5 63. Kb6 h4 64. Rf2+ Ke4 65. Rxf7 hxg3 66.
hxg3 d4 67. Rg7 Kf5 68. Kb7 Rd8 69. a8=Q Rxa8 70. Kxa8 d3 71. Rd7 Ke4 72. Kb7
Ke3 73. Kc6 d2 74. g4 g5 75. Rxd2 Kxd2 76. Kd5 Kd3 77. Ke5 Kc4 78. Kf5 Kd5 79.
Kxg5 Ke6 80. Kg6 Ke7 81. g5 Kf8 82. Kh7 1-0

[Event "Staatsliga B/Ost"]
[Site "Lackenbach"]
[Date "1998.10.18"]
[Round "2.3"]
[White "Sulyok, Michael"]
[Black "Wadsack, Wolfgang"]
[Result "1/2-1/2"]
[WhiteElo "2270"]
[BlackElo "2180"]
[PlyCount "25"]
[EventDate "1998.10.17"]

1. c4 e5 2. Nc3 f5 3. d4 exd4 4. Qxd4 Nc6 5. Qe3+ Nce7 6. g3 Nf6 7. Bg2 g6 8.
b3 Bg7 9. Bb2 O-O 10. Qd2 d6 11. Rd1 f4 12. Nh3 Nh5 13. Ng5 1/2-1/2

[Event "Staatsliga B/Ost"]
[Site "Lackenbach"]
[Date "1998.10.18"]
[Round "2.4"]
[White "Gugler, Edgar"]
[Black "Eibersberger, Manfred"]
[Result "1/2-1/2"]
[WhiteElo "2220"]
[BlackElo "2165"]
[PlyCount "33"]
[EventDate "1998.10.17"]

1. d4 d5 2. Nf3 Nc6 3. Bf4 Bg4 4. Nbd2 e6 5. h3 Bh5 6. e3 Bd6 7. Bxd6 Qxd6 8.
c4 Nf6 9. c5 Qe7 10. Bb5 O-O 11. Bxc6 bxc6 12. g4 Bg6 13. Ne5 Nd7 14. Ndf3 Be4
15. Nxd7 Bxf3 16. Qxf3 Qxd7 17. O-O-O 1/2-1/2

[Event "Staatsliga B/Ost"]
[Site "Lackenbach"]
[Date "1998.10.18"]
[Round "2.6"]
[White "Wadsack, Winfried"]
[Black "Perndl, Johann"]
[Result "0-1"]
[WhiteElo "2130"]
[BlackElo "2185"]
[PlyCount "66"]
[EventDate "1998.10.17"]

1. e4 c6 2. d4 d5 3. exd5 cxd5 4. c4 Nf6 5. Nc3 Nc6 6. Bg5 Be6 7. Bxf6 gxf6 8.
Nf3 Qd7 9. c5 Bg4 10. Be2 Rd8 11. h3 Bf5 12. a3 e5 13. b4 Bg7 14. Nb5 O-O 15.
O-O Be6 16. Kh2 e4 17. Nh4 f5 18. g3 a6 19. Nc3 Nxd4 20. Rc1 Nxe2 21. Qxe2 d4
22. Rfd1 Bb3 23. Rd2 Bh6 24. f4 exf3 25. Nxf3 Rfe8 26. Qf1 Bxd2 27. Nxd2 dxc3
28. Nxb3 Re3 29. Qf4 Re2+ 30. Kg1 Qd1+ 31. Rxd1 Rxd1+ 32. Qf1 Rxf1+ 33. Kxf1
Rb2 0-1

[Event "Staatsliga B/Ost"]
[Site "Lackenbach"]
[Date "1998.10.18"]
[Round "2.1"]
[White "Schweda, Roland"]
[Black "Lau, Ralph"]
[Result "0-1"]
[WhiteElo "2370"]
[BlackElo "2445"]
[PlyCount "46"]
[EventDate "1998.10.17"]

1. d4 Nf6 2. c4 e6 3. Nc3 Bb4 4. e3 O-O 5. Bd3 d5 6. Nge2 dxc4 7. Bxc4 e5 8.
O-O exd4 9. exd4 Nbd7 10. Bb3 Nb6 11. Qd3 Be7 12. Bg5 Nfd5 13. Bxe7 Nxe7 14.
Rac1 c6 15. Rfd1 Bf5 16. Qg3 a5 17. d5 cxd5 18. Qe5 Bd7 19. Nxd5 Nexd5 20. Bxd5
Re8 21. Qh5 Nxd5 22. Qxd5 Rxe2 23. Qxd7 Re1+ 0-1

[Event "Staatsliga B/Ost"]
[Site "Lackenbach"]
[Date "1998.10.18"]
[Round "2.2"]
[White "Plachetka, Jan"]
[Black "Stranz, Richard"]
[Result "1-0"]
[WhiteElo "2400"]
[BlackElo "2255"]
[PlyCount "91"]
[EventDate "1998.10.17"]

1. c4 c6 2. e4 d5 3. exd5 cxd5 4. cxd5 Nf6 5. Bb5+ Bd7 6. Bc4 b5 7. Bb3 Bg4 8.
Nf3 Nbd7 9. d4 Nb6 10. Qd3 Bxf3 11. Qxb5+ Qd7 12. Qxd7+ Kxd7 13. gxf3 Nbxd5 14.
Nc3 e6 15. Ba4+ Kd8 16. Bd2 Bd6 17. Ne4 Bc7 18. Rc1 Rc8 19. Rg1 g6 20. h4 Ke7
21. Nc5 Nh5 22. Bg5+ f6 23. Bd2 Ng7 24. Kd1 Nf5 25. Bd7 Rcd8 26. Bxe6 Nxd4 27.
Re1 Nxf3 28. Bxd5+ Nxe1 29. Ne4 Be5 30. Bb4+ Ke8 31. Kxe1 Rxd5 32. f4 Bxb2 33.
Rc7 Rd7 34. Nd6+ Kd8 35. Rc8+ Ke7 36. Nc4+ Ke6 37. Rxh8 Ba1 38. Ne3 f5 39. Re8+
Kf7 40. Ra8 Bd4 41. Ke2 Bb6 42. Nc4 Rd4 43. Nxb6 Rxb4 44. Rxa7+ Ke6 45. Nd7
Rxf4 46. Ra4 1-0

[Event "Staatsliga B/Ost"]
[Site "Lackenbach"]
[Date "1998.10.18"]
[Round "2.3"]
[White "Ranits, Franz"]
[Black "Hangweyrer, Manfred"]
[Result "0-1"]
[WhiteElo "2220"]
[BlackElo "2370"]
[PlyCount "52"]
[EventDate "1998.10.17"]

1. e4 d6 2. d4 Nf6 3. f3 Nbd7 4. Be3 e5 5. d5 Be7 6. Ne2 c6 7. c4 cxd5 8. cxd5
Nh5 9. Qd2 h6 10. Nbc3 a6 11. g3 Bg5 12. Nd1 O-O 13. Bxg5 hxg5 14. Bh3 g6 15.
Bg4 Ng7 16. h4 f5 17. exf5 gxf5 18. hxg5 Qe8 19. Rh6 fxg4 20. fxg4 Qf7 21. Qe3
Qf1+ 22. Kd2 Qf3 23. Qg1 Qxg4 24. Ne3 Qxg5 25. Qh2 Rf3 26. Nf4 exf4 0-1